ការរៀបចំ និង គ្រប់គ្រងសហគមន៍ព្រៃឈើនៅភូមិ ត្បែងខាងលិច ឃុំត្បែងស្រុក បន្ទាយស្រី ខេត្ត សៀមរាប (Record no. 3493)

000 -LEADER
fixed length control field 00617nam a22001577a 4500
003 - CONTROL NUMBER IDENTIFIER
control field OSt
005 - DATE AND TIME OF LATEST TRANSACTION
control field 20151117083746.0
008 - FIXED-LENGTH DATA ELEMENTS--GENERAL INFORMATION
fixed length control field 151117b xxu||||| |||| 00| 0 eng d
040 ## - CATALOGING SOURCE
Transcribing agency RUA
082 ## - DEWEY DECIMAL CLASSIFICATION NUMBER
Classification number FOR LIM 2004 B143 Or.1
100 ## - MAIN ENTRY--PERSONAL NAME
9 (RLIN) 3754
Personal name LIM, SOTHY.
245 ## - TITLE STATEMENT
Title ការរៀបចំ និង គ្រប់គ្រងសហគមន៍ព្រៃឈើនៅភូមិ ត្បែងខាងលិច ឃុំត្បែងស្រុក បន្ទាយស្រី ខេត្ត សៀមរាប
260 ## - PUBLICATION, DISTRIBUTION, ETC. (IMPRINT)
Place of publication, distribution, etc. Phnom Penh
Name of publisher, distributor, etc. RUA
Date of publication, distribution, etc. 2004
300 ## - PHYSICAL DESCRIPTION
Extent v. 34p.
Other physical details ill.
Dimensions 29cm.
942 ## - ADDED ENTRY ELEMENTS (KOHA)
Source of classification or shelving scheme
Koha item type FOR
Holdings
Price effective from Date last seen Permanent Location Not for loan Date acquired Source of classification or shelving scheme Koha item type Lost status Withdrawn status Date last checked out Total Checkouts Shelving location Damaged status Barcode Current Location Full call number
2015-11-172015-11-17Library Block B 2015-11-17 FOR    B143 RUA026382Library Block BFOR LIM 2004 B143 Or.1
2015-11-172015-11-17Library Block B 2015-11-17 FOR    B143 RUA027511Library Block BFOR LIM 2004 B143 Or.2
2015-11-172015-11-17Library Block B 2015-11-17 FOR    B143 RUA027680Library Block BFOR LIM 2004 B143 Or.3
2015-11-172024-09-16Library Block B 2015-11-17 FOR  2024-07-162B143 RUA027608Library Block BFOR LIM 2004 B143 Or.4
2015-11-172015-11-17Library Block B 2015-11-17 FOR    B143 RUA027998Library Block BFOR LIM 2004 B143 Or.5
2015-11-172016-08-16Library Block B 2015-11-17 FOR  2016-08-022B143 RUA027854Library Block BFOR LIM 2004 B143 Or.6
2015-11-172015-11-17Library Block B 2015-11-17 FOR    B143 RUA027620Library Block BFOR LIM 2004 B143 Or.7
2015-11-172015-11-17Library Block B 2015-11-17 FOR    B143 RUA027782Library Block BFOR LIM 2004 B143 Or.8
2016-01-262016-01-26Library Block B 2016-01-26 FOR      RUA043360Library Block BFOR LIM 2004 B143 Or.9
2016-01-262016-01-26Library Block B 2016-01-26 FOR      RUA41013Library Block BFOR LIM 2004 B143 Or.10
មជ្ឈមណ្ឌលឯការនៃសាកលវិទ្យាល័យភូមិន្ទកសិកម្មចំការដូង

Powered by Koha